000 00905nam a2200241 a 4500
001 52771
003 BD-RjUL
005 20211209075846.0
008 160926s1969 bg ||||| |||| 00| 0 ben d
020 _c: Tk. 6.00
035 _a(BD-RjUL)52891
040 _aBD-RjUL
_bben
_cBD-RjUL
041 _aben
082 _a782.42162
_bNAM 1969
100 _aনওয়াজ, আলী
_9157805
245 1 0 _aময়মনসিংহ-গীতিকা :
_bদেওয়ানা মদিনা ও কাজলরেখা /
_cআলী নওয়াজ
260 _aঢাকা :
_bসিটি লাইব্রেরী,
_c১৯৬৯
300 _a[৪৭], ৭১ পৃ. ;
_c ২২ সেমি.
500 _a(আলোচনা, ভাষাতত্ত্ব ও অভিধান)
650 _aপল্লীগীতি
_9117897
650 _aFolk song
_9157806
942 _2ddc
_cBK
999 _c52771
_d52771